| 000 | 00713cam a2200217 a 4500 | ||
|---|---|---|---|
| 999 |
_c127762 _d127762 |
||
| 001 | 3780768 | ||
| 003 | ARRUPE | ||
| 005 | 20180323113818.0 | ||
| 008 | 840719s1983 fr 000 0 fre | ||
| 010 | _a 83219140 | ||
| 020 |
_a285049271X : _c68.00F |
||
| 040 |
_aDLC _cDLC _dDLC |
||
| 050 | 0 | 0 |
_aBS2555.2 _b.M33 1983 |
| 082 | 0 | 0 |
_a226/.06/096 _219 |
| 100 | 1 |
_aMarcel, Léon. _940927 |
|
| 245 | 1 | 3 |
_aLa sagesse africaine : _bouvertures sur les Evangiles / _cLéon Marcel. |
| 260 |
_aParis : _bEditions Saint-Paul, _cc1983. |
||
| 300 |
_a206 p. ; _c21 cm. |
||
| 630 | 0 | 0 |
_aBible. _pGospels _xCriticism, interpretation, etc. _940928 |
| 906 |
_a7 _bcbc _corignew _d4 _encip _f19 _gy-gencatlg |
||
| 942 |
_2lcc _cMONOGRAPH |
||